[Event "Moscow Aeroflot op-A"]
[Site "Moscow"]
[Date "2004.02.20"]
[Round "4"]
[White "Bu, Xiangzhi"]
[Black "Zhigalko, Sergei"]
[Result "1/2-1/2"]
[WhiteElo "2606"]
[BlackElo "2493"]
[PlyCount "85"]
[EventDate "2004.02.17"]
[EventType "swiss"]
[EventRounds "9"]
[EventCountry "RUS"]
[SourceTitle "EXT 2005"]
[Source "ChessBase"]
[SourceDate "2004.11.15"]
[SourceVersion "1"]
[SourceVersionDate "2004.11.15"]
[SourceQuality "1"]

1. Nf3 d5 2. d4 e6 3. c4 c6 4. e3 Bd6 5. Bd3 f5 6. O-O Nf6 7. b3 Qe7 8. Qc2 O-O 9. Ne5 b6 10. Nc3 Bb7 11. cxd5 Nxd5 12. Nc4 Nb4 13. Qe2 Nxd3 14. Qxd3 Na6 15. e4 Bc7 16. Re1 b5 17. Nd2 Qh4 18. Nf3 Qh5 19. e5 Nb4 20. Qe2 Rfd8 21. a4 Nd5 22. Nxd5 Rxd5 23. Ba3 Ba5 24. Rec1 b4 25. Bb2 Bb6 26. a5 Bxa5 27. Ra4 Rad8 28. h3 h6 29. Rca1 Bb6 30. Rxb4 c5 31. Rxa7 Bxa7 32. Rxb7 R5d7 33. Rxd7 Rxd7 34. Qc4 Rd5 35. b4 cxd4 36. Qc8+ Kh7 37. Qxe6 Rb5 38. Qd7 Rxb4 39. Ba3 Rb1+ 40. Kh2 Bb8 41. Bf8 Qg6 42. Bc5 Re1 43. Bxd4 1/2-1/2

[Event "Moscow Aeroflot op-A"]
[Site "Moscow"]
[Date "2004.02.21"]
[Round "5"]
[White "Ni, Hua"]
[Black "Zhigalko, Sergei"]
[Result "1-0"]
[WhiteElo "2560"]
[BlackElo "2493"]
[PlyCount "65"]
[EventDate "2004.02.17"]
[EventType "swiss"]
[EventRounds "9"]
[EventCountry "RUS"]
[SourceTitle "EXT 2005"]
[Source "ChessBase"]
[SourceDate "2004.11.15"]
[SourceVersion "1"]
[SourceVersionDate "2004.11.15"]
[SourceQuality "1"]

1. e4 c5 2. Nf3 Nc6 3. Bb5 g6 4. O-O Bg7 5. Re1 Nf6 6. e5 Nd5 7. Nc3 Nc7 8. Bxc6 dxc6 9. Ne4 b6 10. Nf6+ Kf8 11. Ne4 Bg4 12. d3 Ne6 13. Ned2 Qd5 14. h3 Bxf3 15. Nxf3 Rd8 16. Qe2 h6 17. Be3 Kg8 18. c4 Qd7 19. Rad1 Kh7 20. b3 Rhe8 21. g4 f6 22. d4 cxd4 23. Bxd4 Nf4 24. Qe4 Ne6 25. Be3 Qxd1 26. Rxd1 Rxd1+ 27. Kg2 Ng5 28. Bxg5 fxg5 29. h4 Red8 30. hxg5 e6 31. Nh4 R1d2 32. Qxg6+ Kh8 33. Nf3 1-0

[Event "Moscow Aeroflot op-A"]
[Site "Moscow"]
[Date "2004.02.22"]
[Round "6"]
[White "Zhigalko, Sergei"]
[Black "Pogorelov, Ruslan"]
[Result "0-1"]
[WhiteElo "2493"]
[BlackElo "2451"]
[PlyCount "116"]
[EventDate "2004.02.17"]
[EventType "swiss"]
[EventRounds "9"]
[EventCountry "RUS"]
[SourceTitle "EXT 2005"]
[Source "ChessBase"]
[SourceDate "2004.11.15"]
[SourceVersion "1"]
[SourceVersionDate "2004.11.15"]
[SourceQuality "1"]

1. e4 e6 2. d4 d5 3. e5 c5 4. c3 Nc6 5. Nf3 Bd7 6. Be2 Nge7 7. O-O Ng6 8. g3 Be7 9. h4 O-O 10. h5 Nh8 11. h6 g6 12. Be3 cxd4 13. cxd4 f6 14. exf6 Bxf6 15. Nbd2 Nf7 16. Nb3 b6 17. Rc1 Nd6 18. Bf4 Qe7 19. Qd2 a5 20. a4 Rfc8 21. Na1 Nb4 22. b3 Ne4 23. Qe3 Na2 24. Rc2 Rxc2 25. Nxc2 Rc8 26. Bd3 Rc3 27. Rb1 Nb4 28. Nxb4 Qxb4 29. Be5 Be7 30. Nd2 Rxd3 31. Qxd3 Qxd2 32. Qxd2 Nxd2 33. Rc1 Nf3+ 34. Kg2 Nxe5 35. Rc7 Ng4 36. Rxd7 Bf6 37. Rb7 Bxd4 38. Rb8+ Kf7 39. Rb7+ Kf6 40. Rxh7 g5 41. Rh8 Kg6 42. Rg8+ Kxh6 43. f4 Ne3+ 44. Kf3 gxf4 45. Kxf4 Nf5 46. g4 Ng7 47. Rd8 Kg6 48. Rd7 Ne8 49. g5 Ng7 50. Rd6 Kh5 51. Rd7 e5+ 52. Kf3 Ne6 53. Rxd5 Kxg5 54. Rd6 Kf5 55. Ke2 Nf4+ 56. Kd2 Ke4 57. Rd8 Kf3 58. Kc2 Bf2 0-1

[Event "Moscow Aeroflot op-A"]
[Site "Moscow"]
[Date "2004.02.23"]
[Round "7"]
[White "Kim, Alexey"]
[Black "Zhigalko, Sergei"]
[Result "1/2-1/2"]
[WhiteElo "2449"]
[BlackElo "2493"]
[PlyCount "145"]
[EventDate "2004.02.17"]
[EventType "swiss"]
[EventRounds "9"]
[EventCountry "RUS"]
[SourceTitle "EXT 2005"]
[Source "ChessBase"]
[SourceDate "2004.11.15"]
[SourceVersion "1"]
[SourceVersionDate "2004.11.15"]
[SourceQuality "1"]

1. e4 c5 2. Nf3 Nc6 3. Bb5 Qc7 4. O-O a6 5. Bxc6 dxc6 6. d3 e5 7. Be3 b6 8. a4 a5 9. Na3 Ne7 10. Nc4 Ng6 11. Qe1 Be7 12. Kh1 Rb8 13. b3 O-O 14. Qd2 Be6 15. Ng1 f5 16. exf5 Bxf5 17. f3 h5 18. Rae1 h4 19. Bg5 Bf6 20. Bxf6 gxf6 21. Qh6 Qg7 22. Qxg7+ Kxg7 23. Ne2 Be6 24. Nd2 Bd5 25. Kg1 Rfe8 26. Ne4 Rbd8 27. Nd2 Rb8 28. Ne4 Rbd8 29. Nd2 f5 30. Nc3 Kf6 31. Kf2 Nf4 32. Ne2 Ng6 33. Nc4 Bxc4 34. bxc4 e4 35. fxe4 fxe4 36. Nc1 exd3 37. Nxd3 Rxe1 38. Kxe1+ Kg5 39. Kd2 Rd4 40. Kc3 Ne7 41. Re1 Kf6 42. g3 hxg3 43. hxg3 Rg4 44. Rf1+ Ke6 45. Rg1 Nc8 46. Nf2 Rd4 47. Re1+ Kf5 48. g4+ Kf4 49. Nd3+ Kxg4 50. Ne5+ Kf4 51. Nxc6 Re4 52. Rxe4+ Kxe4 53. Nb8 Ke5 54. Nd7+ Ke6 55. Nf8+ Ke5 56. Nd7+ Ke6 57. Nf8+ Ke7 58. Ng6+ Kd6 59. Nf4 Ne7 60. Kd3 Ke5 61. Ng2 Nc6 62. Ne3 Nb4+ 63. Kc3 Ke6 64. Kb3 Kd6 65. Kc3 Kc6 66. Nf5 Na6 67. Ne7+ Kb7 68. Kd3 Kc7 69. Nd5+ Kc6 70. Kc3 Nb4 71. Ne3 Kd6 72. Kb3 Ke5 73. Ng4+ 1/2-1/2

[Event "Moscow Aeroflot op-A"]
[Site "Moscow"]
[Date "2004.02.24"]
[Round "8"]
[White "Zhigalko, Sergei"]
[Black "Schneider, Dmitry"]
[Result "1/2-1/2"]
[WhiteElo "2493"]
[BlackElo "2462"]
[PlyCount "62"]
[EventDate "2004.02.17"]
[EventType "swiss"]
[EventRounds "9"]
[EventCountry "RUS"]
[SourceTitle "EXT 2005"]
[Source "ChessBase"]
[SourceDate "2004.11.15"]
[SourceVersion "1"]
[SourceVersionDate "2004.11.15"]
[SourceQuality "1"]

1. e4 e5 2. Nf3 Nc6 3. Bb5 a6 4. Ba4 Nf6 5. O-O Be7 6. Re1 b5 7. Bb3 d6 8. c3 O-O 9. h3 Nb8 10. d4 Nbd7 11. Nbd2 Bb7 12. Bc2 Re8 13. Nf1 Bf8 14. Ng3 g6 15. b3 Bg7 16. d5 Nb6 17. Rb1 c6 18. c4 Qc7 19. Bd3 Nbd7 20. Bf1 bxc4 21. bxc4 Nc5 22. Bg5 a5 23. Qd2 Ba6 24. Bh6 Bxh6 25. Qxh6 Qe7 26. Qd2 Qf8 27. Qc3 Rec8 28. Re2 Qd8 29. Qe3 Nfd7 30. Nh2 f5 31. f4 Qh4 1/2-1/2

[Event "Moscow Aeroflot op-A"]
[Site "Moscow"]
[Date "2004.02.25"]
[Round "9"]
[White "Zhigalko, Sergei"]
[Black "Belkhodja, Slim"]
[Result "1-0"]
[WhiteElo "2493"]
[BlackElo "2445"]
[PlyCount "109"]
[EventDate "2004.02.17"]
[EventType "swiss"]
[EventRounds "9"]
[EventCountry "RUS"]
[SourceTitle "EXT 2005"]
[Source "ChessBase"]
[SourceDate "2004.11.15"]
[SourceVersion "1"]
[SourceVersionDate "2004.11.15"]
[SourceQuality "1"]

1. e4 d6 2. d4 Nf6 3. Nc3 Nbd7 4. Nf3 e5 5. Bc4 Be7 6. O-O O-O 7. a4 a5 8. h3 c6 9. Ba2 h6 10. Re1 Re8 11. Be3 Bf8 12. Qd2 Qc7 13. Rad1 exd4 14. Bxd4 Ne5 15. Nh4 Be6 16. Bxe6 Rxe6 17. b3 Rae8 18. Nf5 Ned7 19. Qf4 Kh7 20. Re2 g6 21. Ng3 Qd8 22. Be3 Qe7 23. Red2 Ng8 24. Qg4 h5 25. Qg5 Qxg5 26. Bxg5 Nc5 27. f3 b6 28. h4 Nb7 29. Nce2 Rc8 30. Nf1 Bh6 31. Bxh6 Nxh6 32. Kf2 f5 33. Nd4 Re5 34. Ng3 fxe4 35. Nxe4 Kg7 36. Ng5 Nf7 37. Nde6+ Kf6 38. Nxf7 Kxf7 39. Ng5+ Kg7 40. Rd4 Rce8 41. Rc4 Rc5 42. Ne4 Rxc4 43. bxc4 Ra8 44. Rb1 Ra6 45. Ke3 Kf7 46. g4 Ke7 47. Kf4 Nd8 48. gxh5 gxh5 49. Kg5 Nf7+ 50. Kxh5 Ne5 51. f4 Nxc4 52. Kg6 Ra8 53. Nf6 d5 54. Re1+ Kd6 55. h5 1-0

[Event "BLR-ch 70th"]
[Site "Minsk"]
[Date "2004.03.05"]
[Round "2"]
[White "Zhigalko, Sergei"]
[Black "Lavretzkij, Roman"]
[Result "1-0"]
[WhiteElo "2493"]
[BlackElo "2390"]
[PlyCount "59"]
[EventDate "2004.03.04"]
[EventType "tourn"]
[EventRounds "11"]
[EventCountry "BLR"]
[EventCategory "9"]
[SourceTitle "EXT 2005"]
[Source "ChessBase"]
[SourceDate "2004.11.15"]
[SourceVersion "1"]
[SourceVersionDate "2004.11.15"]
[SourceQuality "1"]

1. e4 e6 2. d4 d5 3. e5 c5 4. c3 Nc6 5. Nf3 Bd7 6. Be2 Qb6 7. O-O cxd4 8. cxd4 Nh6 9. Na3 Bxa3 10. bxa3 Nf5 11. Be3 Nxe3 12. fxe3 Qd8 13. Rb1 Na5 14. Qe1 O-O 15. h4 Rc8 16. Bd3 h6 17. Nh2 Ba4 18. Rb2 Qc7 19. Ng4 Qc3 20. Qe2 Kh8 21. Kh2 b6 22. Nxh6 f5 23. Nxf5 exf5 24. Bxf5 Rxf5 25. Rxf5 Kg8 26. Qf3 Qc6 27. Rf2 Bc2 28. Rxc2 Qxc2 29. Qxd5+ Kh7 30. Qf7 1-0

[Event "BLR-ch 70th"]
[Site "Minsk"]
[Date "2004.03.06"]
[Round "3"]
[White "Novitzkij, Dmitrij"]
[Black "Zhigalko, Sergei"]
[Result "1/2-1/2"]
[WhiteElo "2408"]
[BlackElo "2493"]
[PlyCount "143"]
[EventDate "2004.03.04"]
[EventType "tourn"]
[EventRounds "11"]
[EventCountry "BLR"]
[EventCategory "9"]
[SourceTitle "EXT 2005"]
[Source "ChessBase"]
[SourceDate "2004.11.15"]
[SourceVersion "1"]
[SourceVersionDate "2004.11.15"]
[SourceQuality "1"]

1. e4 c5 2. Nc3 Nc6 3. g3 g6 4. Bg2 Bg7 5. d3 d6 6. f4 e6 7. Nf3 Nge7 8. O-O O-O 9. Be3 Rb8 10. Rb1 b5 11. e5 Nf5 12. Bf2 dxe5 13. fxe5 Nxe5 14. Bxc5 Nxf3+ 15. Qxf3 Bd4+ 16. Bxd4 Qxd4+ 17. Qf2 Bb7 18. Ne4 Kg7 19. Qxd4+ Nxd4 20. c3 Nf5 21. Rbe1 h5 22. Nc5 Bxg2 23. Kxg2 Rfc8 24. d4 b4 25. Rf2 bxc3 26. bxc3 Rc6 27. h3 Rcb6 28. g4 hxg4 29. hxg4 Nd6 30. Re3 Rb2 31. Ref3 g5 32. a4 a5 33. Kg3 Rxf2 34. Rxf2 Rb1 35. Re2 Rc1 36. Re3 Nc4 37. Rd3 Kg6 38. Rf3 Nd2 39. Rd3 Nb1 40. d5 exd5 41. Rxd5 Nxc3 42. Rd6+ f6 43. Kf3 Rf1+ 44. Ke3 Rf4 45. Rd4 Rf1 46. Kd3 Rf3+ 47. Kd2 Nb1+ 48. Ke2 Ra3 49. Rd3 Ra2+ 50. Ke3 Rg2 51. Kf3 Rb2 52. Ke3 Rb4 53. Rd4 Na3 54. Rxb4 Nc2+ 55. Ke4 Nxb4 56. Nb3 Na6 57. Kd5 f5 58. gxf5+ Kxf5 59. Nxa5 g4 60. Nc4 Kf4 61. Kd4 g3 62. Ne3 Nb4 63. Ng2+ Kf3 64. Nh4+ Kf2 65. Ke4 Nc6 66. Kf4 Na5 67. Kg4 Nc4 68. Kh3 Na5 69. Ng2 Nc4 70. Nf4 Kf3 71. Nd3 Na5 72. Ne1+ 1/2-1/2

[Event "BLR-ch 70th"]
[Site "Minsk"]
[Date "2004.03.07"]
[Round "4"]
[White "Zhigalko, Sergei"]
[Black "Gorovets, Andrey"]
[Result "1-0"]
[WhiteElo "2493"]
[BlackElo "2393"]
[PlyCount "67"]
[EventDate "2004.03.04"]
[EventType "tourn"]
[EventRounds "11"]
[EventCountry "BLR"]
[EventCategory "9"]
[SourceTitle "EXT 2005"]
[Source "ChessBase"]
[SourceDate "2004.11.15"]
[SourceVersion "1"]
[SourceVersionDate "2004.11.15"]
[SourceQuality "1"]

1. e4 e6 2. d4 d5 3. e5 c5 4. c3 Nc6 5. Nf3 Qb6 6. a3 c4 7. Nbd2 Na5 8. Be2 Bd7 9. O-O Ne7 10. Rb1 Qc7 11. Re1 h6 12. Qc2 O-O-O 13. Bd1 f5 14. exf6 gxf6 15. Nh4 e5 16. Nf1 e4 17. Ng3 Qd6 18. f3 f5 19. fxe4 fxe4 20. Rf1 Rg8 21. Bh5 Bg7 22. Nhf5 Nxf5 23. Nxf5 Bxf5 24. Rxf5 Rgf8 25. Qf2 b6 26. Be3 Rxf5 27. Qxf5+ Kb7 28. Rf1 Nc6 29. Qh7 Rd7 30. Rf7 Rxf7 31. Bxf7 Qf6 32. Bxd5 Kc7 33. Qxe4 Ne7 34. Qf4+ 1-0

[Event "BLR-ch 70th"]
[Site "Minsk"]
[Date "2004.03.08"]
[Round "5"]
[White "Kolesnik, Eduard"]
[Black "Zhigalko, Sergei"]
[Result "1/2-1/2"]
[WhiteElo "2406"]
[BlackElo "2493"]
[PlyCount "161"]
[EventDate "2004.03.04"]
[EventType "tourn"]
[EventRounds "11"]
[EventCountry "BLR"]
[EventCategory "9"]
[SourceTitle "EXT 2005"]
[Source "ChessBase"]
[SourceDate "2004.11.15"]
[SourceVersion "1"]
[SourceVersionDate "2004.11.15"]
[SourceQuality "1"]

1. e4 c5 2. Nf3 Nc6 3. d4 cxd4 4. Nxd4 Nf6 5. Nc3 e5 6. Ndb5 d6 7. Nd5 Nxd5 8. exd5 Nb8 9. c4 Be7 10. Bd3 a6 11. Nc3 O-O 12. O-O f5 13. f3 Bg5 14. Kh1 Nd7 15. b4 b6 16. Qc2 g6 17. Na4 a5 18. Bxg5 Qxg5 19. c5 axb4 20. cxd6 Qd8 21. Rab1 Rf6 22. Qc6 Bb7 23. Qxb7 Rxa4 24. Bb5 Nc5 25. Qe7 Ra8 26. Qxe5 Qxd6 27. Qxd6 Rxd6 28. Bc4 Ra4 29. Rf2 Kg7 30. Rd2 b3 31. axb3 Rb4 32. Kg1 Nb7 33. Be2 Na5 34. Rd3 Kf6 35. g3 Rb5 36. b4 Nb7 37. f4 Rbxd5 38. Rxd5 Rxd5 39. Bf3 Rd7 40. Bxb7 Rxb7 41. Rc1 Ke6 42. Rc6+ Kd5 43. b5 Ra7 44. Kg2 Rb7 45. Kf3 Kd4 46. h4 Kd3 47. h5 Rg7 48. Rxb6 Kc4 49. h6 Rd7 50. Rb8 Kc5 51. g4 Rd3+ 52. Ke2 Rd7 53. gxf5 gxf5 54. Rf8 Kxb5 55. Rxf5+ Kc6 56. Rf6+ Kd5 57. Kf3 Ra7 58. Kg4 Ra1 59. Rb6 Rh1 60. Kg5 Rg1+ 61. Kf5 Rh1 62. Ra6 Rh2 63. Ra5+ Kd4 64. Ra4+ Kd5 65. Ra5+ Kd4 66. Ra7 Rxh6 67. Rd7+ Ke3 68. Ke5 Ra6 69. f5 h5 70. f6 Ra5+ 71. Rd5 Ra8 72. Ke6 h4 73. Rh5 Kf4 74. f7 Kg4 75. Rh7 Ra6+ 76. Ke7 Ra7+ 77. Kf6 Rxf7+ 78. Kxf7 h3 79. Kf6 Kg3 80. Kf5 h2 81. Ke4 1/2-1/2

[Event "BLR-ch 70th"]
[Site "Minsk"]
[Date "2004.03.09"]
[Round "6"]
[White "Zhigalko, Sergei"]
[Black "Dydyshko, Viacheslav"]
[Result "0-1"]
[WhiteElo "2493"]
[BlackElo "2574"]
[PlyCount "86"]
[EventDate "2004.03.04"]
[EventType "tourn"]
[EventRounds "11"]
[EventCountry "BLR"]
[EventCategory "9"]
[SourceTitle "EXT 2005"]
[Source "ChessBase"]
[SourceDate "2004.11.15"]
[SourceVersion "1"]
[SourceVersionDate "2004.11.15"]
[SourceQuality "1"]

1. e4 c5 2. c3 d6 3. d4 Nf6 4. Bd3 Nc6 5. Nf3 e5 6. d5 Ne7 7. O-O Ng6 8. Re1 Be7 9. b4 cxb4 10. cxb4 O-O 11. a4 Bg4 12. h3 Bd7 13. a5 Nh5 14. Be3 Nhf4 15. Bf1 f5 16. Nc3 Qe8 17. Rc1 fxe4 18. Nxe4 Ba4 19. Qd2 Nxh3+ 20. Kh2 Nhf4 21. Rc7 Rc8 22. Rec1 Rxc7 23. Rxc7 Qb8 24. Qc1 Bc6 25. Rxe7 Nxe7 26. dxc6 bxc6 27. Bd2 d5 28. Ng3 Qd6 29. Qc3 Neg6 30. a6 Kh8 31. Qe3 e4 32. Nd4 Ne5 33. Ndf5 Ng4+ 34. Kh1 Nxe3 35. Nxd6 Nxf1 36. Nxf1 Nd3 37. Kg1 Rxf2 38. b5 cxb5 39. Nxb5 Rf6 40. Nc7 d4 41. Bg5 Rg6 42. Bh4 e3 43. Nh2 Rc6 0-1

[Event "BLR-ch 70th"]
[Site "Minsk"]
[Date "2004.03.10"]
[Round "7"]
[White "Maljush, Andrej"]
[Black "Zhigalko, Sergei"]
[Result "1-0"]
[WhiteElo "2344"]
[BlackElo "2493"]
[PlyCount "119"]
[EventDate "2004.03.04"]
[EventType "tourn"]
[EventRounds "11"]
[EventCountry "BLR"]
[EventCategory "9"]
[SourceTitle "EXT 2005"]
[Source "ChessBase"]
[SourceDate "2004.11.15"]
[SourceVersion "1"]
[SourceVersionDate "2004.11.15"]
[SourceQuality "1"]

1. d4 Nf6 2. Nf3 e6 3. c4 b6 4. g3 Ba6 5. b3 Bb4+ 6. Bd2 Be7 7. Bg2 c6 8. O-O d5 9. Qc2 O-O 10. Bf4 Nbd7 11. Nbd2 Nh5 12. Ne5 Nxf4 13. gxf4 Nxe5 14. dxe5 Rc8 15. Rfd1 Qc7 16. e3 Rfd8 17. Nf3 g6 18. Nd4 Ba3 19. Qe2 Qe7 20. Rab1 Bc5 21. Nc2 Qf8 22. Bf1 dxc4 23. bxc4 Rxd1 24. Rxd1 Rd8 25. Ne1 Qe7 26. Nf3 Kg7 27. Qc2 Bb7 28. Ng5 Qc7 29. Ne4 Be7 30. Bg2 Ba6 31. Rxd8 Qxd8 32. Qa4 Bb7 33. Qxa7 Qa8 34. Qxa8 Bxa8 35. Nd6 Bxd6 36. exd6 Kf8 37. e4 Ke8 38. e5 Kd7 39. h4 h5 40. Kf1 Bb7 41. Ke2 Ba6 42. Kd3 c5 43. Kc3 Bc8 44. Be4 Ba6 45. a3 Bc8 46. Bc2 Bb7 47. Ba4+ Kd8 48. Bb5 Bf3 49. Kd3 Bg4 50. Ke3 Bf5 51. Bc6 Bc2 52. f5 exf5 53. Kf4 Be4 54. Bb5 Bb7 55. Kg5 Bc8 56. Kf6 Be6 57. f4 Kc8 58. Ke7 g5 59. hxg5 h4 60. g6 1-0

[Event "BLR-ch 70th"]
[Site "Minsk"]
[Date "2004.03.11"]
[Round "8"]
[White "Zhigalko, Sergei"]
[Black "Teterev, Vitaly"]
[Result "1-0"]
[WhiteElo "2493"]
[BlackElo "2460"]
[PlyCount "111"]
[EventDate "2004.03.04"]
[EventType "tourn"]
[EventRounds "11"]
[EventCountry "BLR"]
[EventCategory "9"]
[SourceTitle "EXT 2005"]
[Source "ChessBase"]
[SourceDate "2004.11.15"]
[SourceVersion "1"]
[SourceVersionDate "2004.11.15"]
[SourceQuality "1"]

1. e4 c5 2. c3 d6 3. d4 Nf6 4. Bd3 g6 5. Nf3 Bg7 6. h3 O-O 7. O-O a6 8. e5 Ne8 9. Bf4 cxd4 10. cxd4 Nc6 11. Be4 dxe5 12. dxe5 Nc7 13. Nc3 Ne6 14. Bg3 Nc5 15. Bd5 Bf5 16. a3 Rc8 17. Bh2 a5 18. Ba2 e6 19. g4 Bd3 20. Re1 Ba6 21. Re3 Qb6 22. Qc2 Rfd8 23. Rd1 Rxd1+ 24. Nxd1 Qb5 25. Bg3 b6 26. Kh2 Nd7 27. Nc3 Ncxe5 28. Nxe5 Bxe5 29. Bxe5 Nxe5 30. Nxb5 Rxc2 31. Rxe5 Rxf2+ 32. Kg3 Rxb2 33. Bc4 Rc2 34. Bf1 Kg7 35. a4 Rc1 36. Kf2 Ra1 37. Re4 f5 38. gxf5 exf5 39. Re7+ Kf6 40. Ra7 Ra2+ 41. Be2 Bc8 42. Nc3 Ra3 43. Nd5+ Ke5 44. Nxb6 Be6 45. Rxa5+ Kf4 46. Rb5 Rxh3 47. Rb4+ Kg5 48. a5 Rh2+ 49. Ke1 f4 50. a6 Bh3 51. a7 Bg2 52. Ra4 f3 53. Bb5 f2+ 54. Kxf2 Bb7+ 55. Ke3 Rb2 56. Ba6 1-0

[Event "BLR-ch 70th"]
[Site "Minsk"]
[Date "2004.03.12"]
[Round "9"]
[White "Azarov, Sergei Nikolaevich"]
[Black "Zhigalko, Sergei"]
[Result "1-0"]
[WhiteElo "2551"]
[BlackElo "2493"]
[PlyCount "49"]
[EventDate "2004.03.04"]
[EventType "tourn"]
[EventRounds "11"]
[EventCountry "BLR"]
[EventCategory "9"]
[SourceTitle "EXT 2005"]
[Source "ChessBase"]
[SourceDate "2004.11.15"]
[SourceVersion "1"]
[SourceVersionDate "2004.11.15"]
[SourceQuality "1"]

1. e4 c5 2. Nf3 Nc6 3. d4 cxd4 4. Nxd4 Nf6 5. Nc3 e5 6. Ndb5 d6 7. Bg5 a6 8. Na3 b5 9. Bxf6 gxf6 10. Nd5 Bg7 11. Bd3 Ne7 12. Nxe7 Qxe7 13. O-O O-O 14. c4 f5 15. Qh5 Rb8 16. exf5 e4 17. Rae1 Bb7 18. Qg4 h5 19. Qxh5 bxc4 20. Nxc4 d5 21. Ne3 Qd6 22. Ng4 Bc8 23. Qg5 f6 24. Qg6 Bd7 25. Rxe4 1-0

[Event "BLR-ch 70th"]
[Site "Minsk"]
[Date "2004.03.13"]
[Round "10"]
[White "Zhigalko, Sergei"]
[Black "Kupreichik, Viktor D"]
[Result "1-0"]
[WhiteElo "2493"]
[BlackElo "2464"]
[PlyCount "65"]
[EventDate "2004.03.04"]
[EventType "tourn"]
[EventRounds "11"]
[EventCountry "BLR"]
[EventCategory "9"]
[SourceTitle "EXT 2005"]
[Source "ChessBase"]
[SourceDate "2004.11.15"]
[SourceVersion "1"]
[SourceVersionDate "2004.11.15"]
[SourceQuality "1"]

1. e4 c5 2. c3 d6 3. d4 Nf6 4. Bd3 g6 5. Nf3 Bg7 6. h3 O-O 7. O-O a6 8. Be3 Qc7 9. a4 cxd4 10. cxd4 Nc6 11. Qb3 e6 12. Nbd2 d5 13. e5 Nd7 14. Qc3 a5 15. Bb5 Ndb8 16. Nb3 Bd7 17. Rac1 Rc8 18. Qd2 Be8 19. Bh6 Qe7 20. Nh2 Nd7 21. Bxg7 Kxg7 22. Bxc6 bxc6 23. Nc5 h5 24. g4 Nxc5 25. Rxc5 Bd7 26. Rfc1 Rab8 27. R1c3 Rb4 28. gxh5 Rh8 29. hxg6 Rxa4 30. gxf7 Rh4 31. Ng4 Qxf7 32. Rg3 Kf8 33. Rxa5 1-0

[Event "World Youth Stars 2nd"]
[Site "Kirishi"]
[Date "2004.06.18"]
[Round "1"]
[White "Zhigalko, Sergei"]
[Black "Matlakov, Maxim"]
[Result "1-0"]
[WhiteElo "2486"]
[BlackElo "2361"]
[PlyCount "199"]
[EventDate "2004.06.18"]
[EventType "tourn"]
[EventRounds "11"]
[EventCountry "RUS"]
[EventCategory "4"]
[SourceTitle "CBM 100 Extra"]
[Source "ChessBase"]
[SourceDate "2004.07.06"]
[SourceVersion "2"]
[SourceVersionDate "2004.07.06"]
[SourceQuality "1"]

1. e4 c5 2. c3 d5 3. d4 e6 4. e5 Nc6 5. Nf3 Bd7 6. Be2 Nge7 7. O-O Ng6 8. g3 Be7 9. h4 cxd4 10. cxd4 O-O 11. h5 Nh8 12. h6 g6 13. Nc3 f6 14. exf6 Bxf6 15. Bf4 Nf7 16. Qd2 Kh8 17. Kg2 g5 18. Be3 Rg8 19. Rh1 Ne7 20. Rh5 Nf5 21. Rah1 Be8 22. R5h2 a6 23. Ne1 Bc6 24. Bg4 N7d6 25. Nf3 Nc4 26. Qe2 Qc7 27. Rh3 Rae8 28. b3 Ncxe3+ 29. fxe3 Nd6 30. Rc1 Qe7 31. Qd3 Ne4 32. Qd1 Qd6 33. Nxe4 dxe4 34. Nd2 b5 35. Qc2 Rc8 36. Qc5 Qxc5 37. Rxc5 Bd5 38. Rh1 Be7 39. Rxc8 Rxc8 40. Bd1 Bb4 41. Nf1 Rc1 42. Nh2 Ra1 43. a4 bxa4 44. bxa4 Bc4 45. Ng4 Bd6 46. Nf2 Ra2 47. Bh5 Rxa4 48. Rc1 Kg8 49. Nxe4 Bd5 50. Rc8+ Bf8 51. Bf3 Bxe4 52. Bxe4 Kf7 53. Rc7+ Kf6 54. Rxh7 Ra2+ 55. Kh3 g4+ 56. Kxg4 Rh2 57. Ra7 Bxh6 58. Rxa6 Bxe3 59. d5 Bc5 60. Rxe6+ Kf7 61. Rc6 Bb4 62. Kf4 Ba3 63. g4 Ke7 64. g5 Bd6+ 65. Ke3 Rh3+ 66. Kd4 Ra3 67. g6 Rg3 68. Ra6 Bb4 69. Bf5 Rg1 70. Ra7+ Kf6 71. Rf7+ Kg5 72. Bd3 Ba3 73. Rb7 Kf6 74. Rb3 Bd6 75. Rb6 Rg4+ 76. Be4 Ke7 77. Rb7+ Kf6 78. Rf7+ Kg5 79. Rf5+ Kxg6 80. Rf4+ Kg5 81. Rf7 Rf4 82. Rg7+ Kf6 83. Rd7 Be5+ 84. Kd3 Rf1 85. Rb7 Rd1+ 86. Ke2 Rd4 87. Ke3 Rd1 88. Rb6+ Kf7 89. Bg6+ Kg7 90. Bd3 Kf7 91. Ke4 Bh2 92. Rh6 Re1+ 93. Kf5 Re5+ 94. Kg4 Bg1 95. d6 Ke8 96. Bf5 Rd5 97. d7+ Ke7 98. Rh8 Bb6 99. Re8+ Kf6 100. Re6+ 1-0

[Event "World Youth Stars 2nd"]
[Site "Kirishi"]
[Date "2004.06.19"]
[Round "2"]
[White "Sjugirov, Sanan"]
[Black "Zhigalko, Sergei"]
[Result "0-1"]
[WhiteElo "2260"]
[BlackElo "2486"]
[PlyCount "114"]
[EventDate "2004.06.18"]
[EventType "tourn"]
[EventRounds "11"]
[EventCountry "RUS"]
[EventCategory "4"]
[SourceTitle "CBM 100 Extra"]
[Source "ChessBase"]
[SourceDate "2004.07.06"]
[SourceVersion "2"]
[SourceVersionDate "2004.07.06"]
[SourceQuality "1"]

1. e4 c5 2. Nf3 Nc6 3. d4 cxd4 4. Nxd4 Nf6 5. Nc3 e5 6. Ndb5 d6 7. Nd5 Nxd5 8. exd5 Nb8 9. c4 Be7 10. Be2 a6 11. Nc3 O-O 12. O-O f5 13. f3 Bg5 14. Bxg5 Qxg5 15. Qc1 Qd8 16. Qe3 f4 17. Qf2 Bf5 18. Rac1 Nd7 19. b4 b6 20. Rfd1 Kh8 21. Bd3 g6 22. Bf1 Rb8 23. Na4 g5 24. Bd3 Bxd3 25. Rxd3 e4 26. Qd4+ Ne5 27. Qxe4 Nxd3 28. Qxd3 b5 29. cxb5 axb5 30. Nc3 Qb6+ 31. Kf1 Qe3 32. Qxe3 fxe3 33. Ne4 Ra8 34. Rc2 Rf5 35. Ke2 Rxd5 36. Kxe3 Kg7 37. Rc7+ Kg6 38. Rc6 Rxa2 39. Nxd6 Rxg2 40. Ke4 Rd1 41. Ke5 Re1+ 42. Ne4+ Kh5 43. Kf5 Rxe4 44. Kxe4 Rxh2 45. Kd5 Rh4 46. Kc5 Rf4 47. Kxb5 Rxf3 48. Ka6 g4 49. b5 g3 50. Rc1 Kg4 51. b6 Ra3+ 52. Kb5 Rb3+ 53. Ka6 h5 54. b7 h4 55. Ka7 g2 56. Rc4+ Kh3 57. Rc1 Kh2 0-1

[Event "World Youth Stars 2nd"]
[Site "Kirishi"]
[Date "2004.06.21"]
[Round "4"]
[White "Mueller, Reinhold"]
[Black "Zhigalko, Sergei"]
[Result "0-1"]
[WhiteElo "2035"]
[BlackElo "2486"]
[PlyCount "80"]
[EventDate "2004.06.18"]
[EventType "tourn"]
[EventRounds "11"]
[EventCountry "RUS"]
[EventCategory "4"]
[SourceTitle "CBM 100 Extra"]
[Source "ChessBase"]
[SourceDate "2004.07.06"]
[SourceVersion "2"]
[SourceVersionDate "2004.07.06"]
[SourceQuality "1"]

1. d4 Nf6 2. c4 e6 3. Nf3 b6 4. g3 Ba6 5. Qc2 c5 6. e3 Bb7 7. Bg2 Nc6 8. O-O Rc8 9. Bd2 Be7 10. Bc3 cxd4 11. exd4 O-O 12. Nbd2 d5 13. b3 Rc7 14. a3 dxc4 15. bxc4 Qa8 16. Qb2 Rd8 17. Rad1 Nb8 18. Rfe1 Na6 19. a4 Bf8 20. a5 Nd7 21. Ra1 Qc8 22. axb6 axb6 23. Ne5 Bxg2 24. Kxg2 Nxe5 25. Rxe5 Nb8 26. Rb5 Nd7 27. Kg1 h6 28. c5 Rc6 29. Ra7 bxc5 30. Ba5 Re8 31. Rbb7 Re7 32. dxc5 Qe8 33. Ne4 Nxc5 34. Nxc5 Rxc5 35. Rxe7 Bxe7 36. Qb7 Rb5 37. Bb6 Bf8 38. Qa6 Qc6 39. Qa2 Rxb6 40. h4 Qe4 0-1